| 000 | 01045cam a22003133a 4500 | ||
|---|---|---|---|
| 001 | 0000669 | ||
| 003 | DO-SdBNP | ||
| 005 | 20231201121448.0 | ||
| 007 | 0000669 | ||
| 008 | 861112 2011 sp c 000 0 spa d | ||
| 010 | _a | ||
| 020 | _a9789962040200 | ||
| 040 |
_aBPMSU _cspa _dBPMSU _d |
||
| 082 | 4 |
_a747 _bS237m 2011 _222 |
|
| 100 | 1 | _aSantos Quartino, Daniela | |
| 245 | 1 | 0 |
_aManual de estilos de decoración / _cDaniela Santos Quartino, Francesca Comotti, Cristina Ros ; coordinación editorial Simone K. Schleifer |
| 260 |
_aBarcelona : _bLexus, _c2011. |
||
| 300 |
_a199 p. : _bretratos : _c34 cm. |
||
| 505 | 2 |
_tIntroducción -- _tEcléctico -- _tIndustrial -- _tMinimalismo -- _tVintage -- _tNeomoderno -- |
|
| 590 | _6Inventariado, 2022/VM | ||
| 600 | 0 | 0 |
_a _x |
| 650 | 4 | _aDecoración de interiores | |
| 650 | 4 | _aDiseño arquitectónico | |
| 700 | 1 | _aComotti, Francesca | |
| 700 | 1 | _aRos, Cristina | |
| 700 | 1 |
_aSchleifer, Simone K. _ecoordinador |
|
| 910 | _aVMateo V./ Validado. Control de calidad MFF | ||
| 942 |
_2ddc _cBK |
||
| 999 |
_c11360 _d11360 |
||